Generación de un banco de datos de terrenos en los cantones de Montes de Oca y Curridabat, según el nivel socioeconómico y valor de mercado
Kaydedildi:
| Yazar: | |
|---|---|
| Materyal Türü: | Kitap |
| Dil: | Spanish |
| Baskı/Yayın Bilgisi: |
[San José], Costa Rica
2016
|
| Konular: | |
| Etiketler: |
Etiketle
Etiket eklenmemiş, İlk siz ekleyin!
|
MARC
| LEADER | 00000nam a22000007a 4500 | ||
|---|---|---|---|
| 003 | 012541 | ||
| 005 | 20221231144142.0 | ||
| 008 | 170202b2016 cr a|||| m||| 00| ||spa d | ||
| 040 | |c cru CEDI | ||
| 090 | |a TFG 7692 | ||
| 100 | |9 6714 |a Rojas Chaves, Erick | ||
| 245 | |a Generación de un banco de datos de terrenos en los cantones de Montes de Oca y Curridabat, según el nivel socioeconómico y valor de mercado | ||
| 260 | |a [San José], Costa Rica |c 2016 | ||
| 300 | |a xv,91[17] hojas; algunas ilustraciones a color , mapas | ||
| 500 | |a Proyecto de graduación (licenciatura en ingeniería civil)--Universidad de Costa Rica. Facultad de Ingeniería. Escuela de Ingeniería Civil | ||
| 650 | |x VALORACION DE BIENES RAICES-CURRIDABAT (SAN JOSE, COSTA RICA) |x VALORACION DE BIENES RAICES -(SAN JOSE, COSTA RICA) |x SISTEMAS DE INFORMACION GEOGRAFICA - BASES DE DATOS |x CURRIDABAT (SAN JOSE, COSTA RICA) |x MONTES DE OCA (SAN JOSE, COSTA RICA) |9 6716 | ||
| 942 | |c TFG | ||
| 999 | |c 17653 |d 17653 | ||
